000 00896nam a2200289Ia 4500
003 OSt
005 20221007125631.0
006 a|||||r|||| 00| 0
007 ta
008 221006b |||||||| |||| 00| 0 eng d
020 _a0470852763 (pbk)
_cRs.3229.80
024 _a16398
037 _b142, 28/11/2005, Dhanraj Book House
_cTextual
040 _aCDL
_cCDL
_beng
041 _2eng
_aeng
082 _aE:221, P4 Carc
100 _aTilley Richard J D
_9715036
245 0 _aUnderstanding solids: the science of materials
260 _aChichester
_bJohn Wiley & Sons
_c2004
300 _axxii,593p.
_ccm.
500 _aIndex 585-593p.
650 _a Materials science
_9714200
650 _a Solids
_9519377
650 _aPhysics
942 _hE:221, P4 Carc
_cTEXL
_2CC
999 _c1215618
_d1215618